California trip
Saved in:
| Hovedforfatter: | |
|---|---|
| Format: | Ukendt |
| Sprog: | engelsk |
| Udgivet: |
New York, USA
Grossman Publishers,
1970
|
| Fag: | |
| Tags: |
Tilføj Tag
Ingen Tags, Vær først til at tagge denne postø!
|
MARC
| LEADER | 00000 a2200000 4500 | ||
|---|---|---|---|
| 003 | CL-VaPUC | ||
| 005 | 20210825113150.0 | ||
| 008 | 210715b1970 ||||| |||| 00| 0 eng d | ||
| 999 | |c 433294 |d 433292 | ||
| 020 | |q 670-19975-3 | ||
| 040 | |c Pontificia Universidad Católica de Valparaíso | ||
| 082 | |a 917.940022 STO 1970 | ||
| 100 | |a Stock, Dennis |9 862100 |e fotógrafo | ||
| 245 | |a California trip | ||
| 260 | |a New York, USA |b Grossman Publishers, |c 1970 | ||
| 300 | |a 99 páginas; |b fotografías en blanco y negro | ||
| 505 | |a In 1968, Magnum photographer Dennis Stock took a five-week road trip along the California highways, documenting the height of the counterculture hippie scene. These black and white photos were compiled to create California Trip, originally published in 1970, and became an emblem of the free love movement that continued to inspire throughout the decades. In print for the first time since its 1970 publication, California Trip is a faithful reproduction of Stock’s timeless work. | ||
| 583 | |k Cristina Rojas |c 20210715 | ||
| 651 | |a California (Estados Unidos) |x Fotografías |9 862211 | ||
| 942 | |2 ddc |c BK | ||
| 952 | |0 0 |1 0 |2 ddc |4 0 |6 917_940022000000000_STO_1970 |7 0 |8 R |9 578389 |a BIBART |b BIBART |d 2021-07-15 |e 139 |g 0.00 |i 5586038 |o 917.940022 STO 1970 |p 5586038 |r 2025-03-13 |t 1 |v 8363.63 |w 2021-07-15 |y BK_R |k ART | ||